Top 10 Länder mit den schönsten Frauen - Australien und Ozeanien - Statistiken

Allgemein
  • Dieses Quiz wurde 49 mal gespielt
  • Das Durchschnittsergebnis liegt bei 8 aus 10
Antwortstatistiken
Platz Land % Korrekt
🥇 Australien🇦🇺
100%
🥉 Fidschi🇫🇯
96%
🥈 Neuseeland🇳🇿
96%
08. Mikronesien🇫🇲
81%
06. Tonga🇹🇴
81%
09. Kiribati🇰🇮
74%
04. Samoa🇼🇸
74%
07. Vanuatu🇻🇺
72%
10. Salomonen🇸🇧
68%
05. Papua-Neuguinea🇵🇬
60%
Keine übereinstimmenden Quizze gefunden
Verteilung der Resultate
Anzahl Personen mit jedem Resultat
Perzentil nach korrekt beantworteten Fragen
Ihre Resultats-Entwicklung
Sie haben dieses Quiz noch nicht gespielt